Billboard Top 100 Songs of 2010s - Statistics

General Stats
  • This quiz has been taken 267 times
  • The average score is 53 of 100
Answer Stats
Hint Answer % Correct
Mark Ronson ft. Bruno Mars Uptown Funk!
95%
Ed Sheeran Shape of You
91%
Adele Hello
90%
Pharrell Williams Happy
88%
Carly Rae Jepsen Call Me Maybe
87%
Luis Fonsi & Daddy Yankee ft. Justin Bieber Despacito
87%
Lil Nas X ft. Billy Ray Cyrus Old Town Road
85%
The Chainsmokers ft. Halsey Closer
84%
Adele Rolling In The Deep
81%
Lorde Royals
80%
Billie Eilish Bad Guy
77%
Wiz Khalifa ft. Charlie Puth See You Again
77%
Ke$ha Tik Tok
77%
John Legend All Of Me
75%
Gotye ft. Kimbra Somebody That I Used To Know
75%
Meghan Trainor All About That Bass
74%
OneRepublic Counting Stars
74%
Maroon 5 ft. Cardi B Girls Like You
74%
Miley Cyrus Wrecking Bal
74%
LMFAO ft. Lauren Bennett, GoonRock Party Rock Anthem
73%
Robin Thicke ft. T.I., Pharrell Williams & Jimmy Fallon Blurred Lines
72%
Macklemore & Ryan Lewis ft. Wanz Thrift Shop
69%
Justin Bieber Sorry
68%
Katy Perry ft. Juicy J Dark Horse
67%
Camila Cabello ft. Young Thug Havana
66%
Katy Perry ft. Snoop Dogg California Gurls
65%
Taio Cruz Dynamite
65%
Imagine Dragons Radioactive
65%
Post Malone & Swae Lee Sunflower
65%
Avicii Wake Me Up!
65%
Ed Sheeran Perfect
64%
MAGIC! Rude
64%
fun ft. Janelle Monae We Are Young
64%
Taylor Swift Shake It Off
63%
Pitbull ft. Ke$ha Timber
63%
Bruno Mars Grenade
62%
Eminem ft. Rihanna Love The Way You Lie
62%
Maroon 5 ft. Christina Aguilera Moves Like Jagger
62%
OMI Cheerleader
61%
Katy Perry Roar
61%
Taylor Swift Blank Space
60%
Katy Perry Firework
56%
Desiigner Panda
56%
Maroon 5 ft. Wiz Khalifa Payphone
56%
Post Malone ft. 21 Savage Rockstar
56%
Macklemore & Ryan Lewis ft. Ray Dalton Can't Hold Us
55%
Iggy Azalea ft. Charli XCX Fancy
55%
Drake God's Plan
54%
LMFAO Sexy And I Know It
54%
Travis Scott Sicko Mode
54%
Adele Someone Like You
53%
Rihanna ft. Calvin Harris We Found Love
53%
Sia ft. Sean Paul Cheap Thrills
52%
Marshmello & Bastille Happier
52%
Bruno Mars Just The Way You Are
52%
Drake ft. WizKid & Kyla One Dance
52%
Maroon 5 Sugar
51%
Drake Hotline Bling
50%
Ariana Grande 7 Rings
49%
Cardi B, Bad Bunny & J. Balvin I Like It
49%
Justin Bieber Love Yourself
49%
Juice WRLD Lucid Dreams
48%
B.o.B ft. Hayley Williams Airplanes
47%
Rihanna ft. Drake Work
47%
The Weekend Can't Feel My Face
45%
Train Hey, Soul Sister
45%
Sam Smith Stay With Me
45%
Justin Timberlake Can't Stop The Feeling
44%
Ed Sheeran Thinking Out Loud
44%
Silento Watch Me
44%
The Chainsmokers ft. Daya Don't Let Me Down
42%
Katy Perry ft. Kanye West E.T.
42%
Jonas Brothers Sucker
42%
The Weekend The Hills
42%
Halsey Without Me
42%
Nicki Minaj Super Bass
39%
Pitbull ft. Nayer, Ne-Yo & Afrojack Give Me Everything
37%
The Lumineers Ho Hey
37%
Lady Gaga Bad Romance
36%
Bruno Mars Locked Out Of Heaven
35%
fun. Some Nights
35%
Ariana Grande Thank U, Next
35%
Bruno Mars That's What I Like
33%
twenty one pilots Heathens
32%
Fetty Wap Trap Queen
32%
Justin Bieber What Do You Mean?
31%
Bebe Rexha ft. Florida Georgia Line Meant To Be
28%
Usher ft. will.i.am OMG
28%
Lady Antebellum Need You Now
25%
Taio Cruz ft. Ludacris Break Your Heart
23%
Post Malone Better Now
22%
Post Malone ft. Ty Dolla $ign Psycho
22%
Maroon 5 One More Night
21%
Drake In My Feelings
20%
Post Malone Wow.
16%
Drake Nice For What
14%
Kelly Clarkson Stronger (What Doesn't Kill You)
10%
Cardi B Bodak Yellow (Money Moves)
4%
Hozier Take Me To Chruch
2%
CeeLo Green F**k You! (Forget You)
1%
No matching quizzes found
Score Distribution
Percent of People with Each Score
Percentile by Number Answered
Your Score History
You have not taken this quiz